000 00195nam a22000977a 4500
245 _aKabir Bijakh Evamh Dohawli
250 _a2014
260 _bLaxmi Prakashan
300 _a158
942 _2ddc
_cBK
999 _c11768
_d11768